000 00935cam a2200301 a 4500
999 _c17720
_d17720
001 3311844
003 BDDh-ASL
005 20231015025629.0
008 831129s1983 ii ab b 001 0 eng
010 _a 83903836
020 _a0195612515 :
_cRs250.00
040 _aDLC
_cDLC
_dBDDh-ASL
043 _aa-ii---
050 0 0 _aBL1220
_b.H36 1983
082 0 0 _a294.5365
_219
_bHAV
100 1 _aHardy, Friedhelm.
245 1 0 _aViraha-bhakti :
_bthe early history of Kṛṣṇa devotion in South India /
_cFriedhelm Hardy.
260 _aDelhi :
_bOxford,
_c1983.
300 _axxi, 692 p. :
_bill., maps ;
_c23 cm.
440 0 _a[Oxford University South Asian studies series]
500 _aSeries statement from jkt.
500 _aIncludes index.
504 _aBibliography: p. [655]-673.
600 0 0 _aKrishna
_c(Hindu deity)
650 0 _aBhakti.
906 _a7
_bcbc
_corignew
_d3
_encip
_f19
_gy-gencatlg
942 _2ddc
_cBK